Leadership : Enhancing the lessons of experience

Wedi'i Gadw mewn:
Manylion Llyfryddiaeth
Prif Awdur: Hughes, Richard L
Fformat: Llyfr
Iaith:Vietnamese
Cyhoeddwyd: McGraw-Hill/Irwin 2006
Tagiau: Ychwanegu Tag
Dim Tagiau, Byddwch y cyntaf i dagio'r cofnod hwn!
Thư viện lưu trữ: Mạng thư viện Đại học Đà Nẵng
LEADER 00676nam a2200253 4500
001 000021054
003 17501
005 20150402160458.0
008 150402s2006 viesd
020 |c 00 
041 0 |a vie 
082 1 4 |a 303.34  |b HU-R 
100 1 |a Hughes, Richard L 
245 1 0 |a Leadership : Enhancing the lessons of experience  |c Richard L. Hughes, Robert C. Ginnett, Gordon J. Curphy 
260 |b McGraw-Hill/Irwin  |c 2006 
300 |a tr.  |c cm. 
OWN |a LSP 
999 |a From the UDN01 
TYP |a Monograph 
TYP |a Printed language 
980 |a Mạng thư viện Đại học Đà Nẵng